000
00327nam a2200145Ia 4500
008
230711s9999||||xx |||||||||||||| ||und||
041
_a
ENG
082
_a
800
_b
LO-H
100
_a
Shourie,Arun
245
0
_a
Falling over backwards
260
_c
2006
_a
New Delhi
_b
Rupa.Co
300
_a
378
650
_a
Literature
942
_c
BK
999
_c
5256
_d
5256